| 000 | 00647nam a2200193 i 4500 | ||
|---|---|---|---|
| 001 | 31297 | ||
| 003 | ES-MaACL | ||
| 005 | 20230906154343.0 | ||
| 007 | t| | ||
| 008 | 030128s1972 sp ||||1| spa d | ||
| 100 | 1 |
_aBenavides Gómez, Leandro. _927458 |
|
| 245 | 1 | 0 |
_aPolítica económica en la II República Española / _cLeandro Benavides Gómez. |
| 260 |
_a[Madrid] : _bGuadiana, _c[1972] |
||
| 300 |
_a279 p. ; _c21 cm. |
||
| 490 | 1 |
_aBiblioteca universitaria de economía. Breviarios ; _v20 |
|
| 830 | 0 |
_aBiblioteca universitaria de economía. Breviarios ; _v20 _9184313 |
|
| 852 |
_aES-MaACL _jC-43367 _bR.81984 |
||
| 999 |
_c31297 _d31297 |
||